Paesi dell'Unione Europea - Morte improvvisa - Statistics

Statistiche generali
  • Questo quiz è stato fatto 1.226 volte
    510 dall'ultimo reset
  • Il punteggio medio è 9 su 27
Answers on the Grid
Answers color-coded by a green-red scale on the quiz's grid according to % correct below.
Austria
Belgio
Bulgaria
Cipro
Croazia
Estonia
Danimarca
Finlandia
Francia
Germania
Grecia
Irlanda
Italia
Lettonia
Lituania
Lussemburgo
Malta
Paesi Bassi
Polonia
Portogallo
Repubblica Ceca
Romania
Slovacchia
Slovenia
Spagna
Svezia
Ungheria
Albania
Andorra
Armenia
Azerbaigian
Bielorussia
Bosnia ed Erzegovina
Città del Vaticano
Georgia
Islanda
Kazakistan
Liechtenstein
Macedonia del Nord
Moldavia
Montenegro
Norvegia
Regno Unito
Russia
San Marino
Serbia
Svizzera
Turchia
Ucraina
Israele
Canada
Stati Uniti
 
Statistiche sulle risposte
Risposta % Corretto
Italia
52%
Spagna
50%
Germania
45%
Portogallo
44%
Belgio
42%
Francia
42%
Danimarca
40%
Grecia
39%
Paesi Bassi
39%
Austria
38%
Repubblica Ceca
38%
Polonia
37%
Croazia
35%
Lussemburgo
35%
Slovenia
33%
Irlanda
31%
Finlandia
29%
Svezia
28%
Ungheria
28%
Estonia
25%
Romania
25%
Slovacchia
25%
Bulgaria
24%
Lituania
24%
Malta
24%
Lettonia
22%
Cipro
19%
Nessun quiz corrispondente trovato
Distribuzione punteggi
Percentuale di utenti per punteggio
Percentile per numero di risposta
I tuoi punteggi nel tempo
Non hai fatto questo quiz dall'ultimo reset